00304nam a2200097Ia 4500008004100000020001800041100002400059245006300083260004200146300001800188200626s9999 xx 000 0 und d a974-672-144-5 aKaosa-ard, Mingsarn cMingsarn Kaosa-ard.--aMekong tourism: blessings for all?/ aThailand:bWhite Lotus, Bangkokc2007 avi, 262 pages